000 00727nam a2200229Ia 4500
003 OSt
005 20220918105425.0
006 a|||||r|||| 00| 0
007 ta
008 220915b |||||||| |||| 00| 0 hin d
024 _a93,251
037 _cReference Collections
040 _aARTS
_cARTS
_bhin
041 _2hin
_ahin
082 _aP4436H:4k, 152M2(RR)
100 _aकौशिक, जयनारायण, ले.
_91323
245 0 _aवैदिक - हरयाणवी कोश
246 _aVaidik - harayāṇavī kosha
260 _c1982
942 _hP4436H:4k, 152M2(RR)
_cREF
999 _c107057
_d107057